00996 2200349 4500001002100000005001500021035002000036100002000056245006000076264004500136300005100181336002100232337003000253338002300283490002200306504003400328650001000362700001100372850001200383006001800395007000300413008004100416020002200457040001200479082001200491084001800503990002500521990002500546990002500571990002500596990002500621INLIS00000000069058920190509124359 a0010-05190000041 aRisky Wulandari1 aManfaat ajaib telur /cRisky Wulandari ; editor, Ariata aYogyakarta : :bRapha Publishing,,c2017 avi, 226 halaman :bilustrasi berwarna ;c21 cm 2rdacontentateks 2rdamediaatanpa perantara 2rdacarrieravolume0 aSeri apotek dapur aBibliografi : halaman 207-226 aTelur0 aAriata aJIPUBAYaa g ||0 |ta190509 0 ind  a978-979-29-6639-8 aJIPUBAY a591.468 a591.468 RIS m a00500016/DPKBWI/2019 a00500017/DPKBWI/2019 a00500018/DPKBWI/2019 a00500019/DPKBWI/2019 a00500020/DPKBWI/2019